| 000 | 00627nam a2200205Ia 4500 | ||
|---|---|---|---|
| 003 | GCL | ||
| 008 | 140319s9999 xx 000 0 ara d | ||
| 040 |
_aGCL / _cGCL |
||
| 082 | 0 | 4 |
_a808.83 _bم ع |
| 100 | 1 | _aسيد جاد (مترجم) | |
| 245 | 1 | 0 |
_aعشر روايات خالدة / _cسيد جاد (مترجم) |
| 700 | 1 | _aموم , سومرست | |
| 700 | 1 | _aسعيد عبدالمحسن | |
| 300 | _a220 ص | ||
| 490 |
_aدراسات فى الاداب الاجنبية _v0 |
||
| 650 | 0 | 4 | _aالادب |
| 650 | 0 | 4 | _aالقصص العالمية |
| 650 | 0 | 4 | _aالادب العالمى المترجم |
| 942 |
_2ddc _cBK |
||
| 999 |
_c42369 _d42369 |
||